Responses for show #4759 - Thursday, April 21, 2005

2005 Ultimate Tournament of Champions Round 2, game 7.

Contestants

Jerome Vered, a writer from Los Angeles, California

Sean Ryan, a graduate student from Whitehall, Pennsylvania

Leah Greenwald, an architect from Cambridge, Massachusetts

Jeopardy! Round responses

ART & ARTISTS
"LOVE" ON TELEVISION
PRESIDENTIAL CAMPAIGN SLOGANS
THE RURAL SCENE
THE URBAN SCENE
IN THE DICTIONARY
    $200 1
Venus

Sean
    $200 6
Everybody Loves Raymond

Sean
    $200 16
Carter

Jerome
    $200 26
acres

Leah
    $200 15
a drive

Jerome
    $200 25
out of doors

Jerome
    $400 2
Florence

Jerome
    $400 7
Jennifer Love Hewitt

Sean
    $400 17
Clinton

Jerome
    $400 27
a scarecrow

Leah
    $400 12
(Sean: What are lights?)
(Alex: Be more specific.)
(Sean: What are traffic lights?)

streetlights

SeanJerome
    $400 24
derrick

Sean
    $600 3
(Edgar) Degas

Jerome
    $600 8
Love, American Style

Jerome
    $600 18
William Henry Harrison

Jerome
    $600 28
piglets

Leah
    $600 11
the elevator

Leah
    $600 20
adieu

Jerome
    $800 4
Napoleon

Sean
    $800 9
Love Connection

Jerome
    $800 19
Ronald Reagan

Leah
    $800 29
pullet

Sean
    $800 13
the M├ętro

Leah
    $2,500 22
(Alex: Jerome was nodding... he got it a second or two before you did!)

succumb

Leah
    $1000 5
(Sean: Who is Christiana?)

Christina

SeanJerome
    $1000 10
Love, Sidney

Leah
    $1000 21
(Sean: Who is Franklin Delano Roosevelt?)

Hoover

LeahSean
    $1000 30
a hormone

Sean
    $1000 14
(Kitty) Genovese

Jerome
    $1000 23
oenology

Leah

Scores at the first commercial break (after clue 15):

Leah Sean Jerome
$2,400 $200 $5,000

Scores at the end of the Jeopardy! Round:

Leah Sean Jerome
$8,900 $1,400 $7,000

Double Jeopardy! Round responses

THE BIG BAND ERA
STARDUST
TUXEDO JUNCTION
SOUTH OF THE BORDER
(Alex: We'll give you a country; you name the neighbor on its southernmost border.)
DEEP PURPLE
TAKE THE "A" TRAIN
    $400 17
"if it ain't got that swing"

Jerome
    $400 21
galaxy

Leah
    $400 26
Monte Carlo

Jerome
    $400 12
Germany

Jerome
    $400 6
a cardinal

Jerome
    $400 1
an address

Sean
    $800 8
the Chattanooga Choo Choo

Sean
    $800 22
a snowball

Sean
    $800 27
Wolfgang Puck

Leah
    $800 13
Costa Rica

Jerome
    $800 7
the Purple Gang

Leah
    $800 2
(Sean: Who is... Aaron?)

Abel

SeanJerome
    $1200 18
the Boogie Woogie Bugle Boy of Company B

Jerome
    $1200 23
a binary star

Sean
    $1200 28
the Queen Mary II

Jerome
    $1200 14
Brazil

Jerome
    $1,000 9
a Purple Heart

Sean
    $1200 3
alpha particles

Triple Stumper
    $1600 19
"In The Mood"

Sean
    $1,000 24
(Sean: What is the snake?)

the giraffe

Sean
    $1600 29
Mar-a-Lago

Leah
    $1600 15
Yemen

Jerome
    $1600 10
Crown Royal

Sean
    $1600 4
an allemande

Jerome
    $2000 20
Benny Goodman

Jerome
    $2000 25
(Sean: What is the Van Allen belt?)

the Kuiper belt

SeanJerome
    $2000 30
Truman Capote

Leah
    $2000 16
South Africa

Sean
    $2000 11
a butterfly

Triple Stumper
    $2000 5
Assam

Sean

Scores at the end of the Double Jeopardy! Round:

Leah Sean Jerome
$14,500 $9,000 $21,000

[wagering suggestions for these scores]

Final Jeopardy! Round responses

20th CENTURY ASIA
(Alex: And they produced a very famous daughter who won the Nobel Peace Prize a few years ago.)
...
(Alex: The daughter was Aung San Suu Kyi; they tell me the correct pronunciation is "Sue Chee".)
...
(Alex: [To Leah] I thought you had written "Burmay", but it's "Burma/Myanmar".)
SeanWhat is Burma?
$9,000
LeahWhat is Burma/Myanmar?
$1,499
JeromeWhat is Burma/Myanmar?
$9,000
Burma

Final scores:

Leah Sean Jerome
$15,999 $18,000 $30,000
3rd place: $10,000 2nd place: $10,000 + $15,000 as a member of the Nifty Nine Winner: $30,000 + an advance to UToC Round 3

Game dynamics:

Coryat scores:

Leah Sean Jerome
$12,800 $10,200 $21,000
15 R
(including 1 DD),
0 W
16 R
(including 1 DD),
6 W
(including 1 DD)
26 R,
0 W

Combined Coryat: $44,000

The J! Archive is created by fans, for fans. The Jeopardy! game show and all elements thereof, including but not limited to copyright and trademark thereto, are the property of Jeopardy Productions, Inc. and are protected under law. This website is not affiliated with, sponsored by, or operated by Jeopardy Productions, Inc. Join the discussion at JBoard.tv.